| LEADER |
00848nam0a2200193 450 |
| 001 |
16848136 |
| 010 |
|
|
|a 978-2-85020-645-0
|b br.
|d 16
|
| 100 |
|
|
|a 20160928d2016 u u0frey01 ba
|
| 101 |
0 |
|
|a fre
|
| 102 |
|
|
|a FR
|
| 200 |
0 |
|
|a Lyme, cancer de l'âme
|f Nassera Frugier
|
| 207 |
|
1 |
|a
|
| 210 |
|
|
|a Paris
|c Ed. franciscaines
|d 2016
|
| 215 |
|
|
|a 1 vol. (171 p.)
|d 18 x 13 cm
|
| 330 |
|
|
|a Un témoignage dans lequel l'auteure évoque son parcours et son combat contre la maladie de Lyme qui n'a été diagnostiquée qu'en 2015 soit après quatre années de souffrances. Elle exprime la manière dont la foi l'a soutenue tout au long de cette épreuve.
|
| 700 |
|
0 |
|a Frugier
|b Nassera
|4 70
|
| 900 |
|
|
|a Documentaire
|
| 901 |
|
|
|a Accessible au prêt
|
| 995 |
|
|
|a Bibliothèque
|c Bibliothèque
|f 00156008744294
|h 00156008744294
|k 616.9 LYM
|o p
|q a
|r az
|e Bibliothèque
|